000 00267nam a2200109Ia 4500
008 230320s9999||||xx |||||||||||||| ||spa||
082 _a268/G25
100 _aGarcía Ahumada, Enrique
245 0 _aTeología De La Educación
260 _bTiberíades
942 _80
_cLIB
999 _c44181
_d44181